[Event "HUN-chT1 Charousek 2122"]
[Site "Hungary"]
[Date "2021.12.19"]
[Round "6.11"]
[White "Peter, Balint Mor"]
[Black "Biskopics, Marton"]
[Result "0-1"]
[WhiteElo "1982"]
[BlackElo "1926"]
[PlyCount "82"]
[EventDate "2021.10.10"]
[EventType "team-tourn"]
[EventRounds "11"]
[EventCountry "HUN"]
[SourceTitle "EXT 2025"]
[Source "ChessBase"]
[SourceDate "2024.10.14"]
[SourceVersion "1"]
[SourceVersionDate "2024.10.14"]
[SourceQuality "1"]
[WhiteTeam "Budapest MTK"]
[BlackTeam "Tungsram ANSK II"]
[WhiteTeamCountry "HUN"]
[BlackTeamCountry "HUN"]

1. e4 c5 2. Nf3 e6 3. d4 cxd4 4. Nxd4 a6 5. Bd3 Qb6 6. Nb3 Qc7 7. c4 Nf6 8. 0-0 d6 9. Nc3 b6 10. Be3 Bb7 11. f4 Nbd7 12. Qe2 Be7 13. Rac1 0-0 14. g4 Nc5 15. Nxc5 dxc5 16. g5 Nd7 17. Rf3 Rfe8 18. Rcf1 g6 19. Rh3 Rad8 20. Bc2 Bf8 21. Qf2 Bg7 22. e5 Nf8 23. a4 Bc6 24. b3 Re7 25. a5 Nd7 26. Qh4 Nf8 27. b4 bxa5 28. Bxc5 Red7 29. Bd6 Rxd6 30. exd6 Qa7+ 31. Rf2 axb4 32. Ne2 Rxd6 33. Rd3 Rxd3 34. Bxd3 Qe3 35. Qg3 Qd2 36. Rf1 b3 37. Rb1 b2 38. c5 Nd7 39. Bxa6 Nxc5 40. Bc4 Be4 41. Rxb2 Qxb2 0-1